000 00336nam a2200133Ia 4500
008 220204s9999 xx 000 0 und d
082 _a33(540)
_bALA
100 _aALAK GHOSH
245 0 _aIndian economy: Its nature and problems
250 _aEd.18
260 _aCalcutta
_bWorld Press
_c1974
650 _aIndian economy
942 _cBK
999 _c22887
_d22887